Zavedenie kreditového systému má zvýšiť kvalitu vysokoškolského vzdelávania

Schválenie návrhu koncepcie ďalšieho rozvoja vysokého školstva v SR na 21. storočie. Súčasťou návrhu je aj príprava zásad kreditového systému pre všetky vysoké školy. Na Slovensku má byť 21 štátnych a 2 neštátne vysoké školy. Užitočný by bol jednotný postup pri zavádzaní kreditových systémov. Výhody...

Descrizione completa

Salvato in:
Dettagli Bibliografici
Autore principale: Kollárová, Jana
Natura: Capitolo di libro
Lingua:slovacco
Soggetti:
Tags: Aggiungi Tag
Nessun Tag, puoi essere il primo ad aggiungerne!!

MARC

LEADER 00000naa a2200000 4500
001 r039984
005 20230921110321.7
041 0 |a slo 
044 |a SK 
245 1 0 |a Zavedenie kreditového systému má zvýšiť kvalitu vysokoškolského vzdelávania  |c Jana Kollárová 
520 |a Schválenie návrhu koncepcie ďalšieho rozvoja vysokého školstva v SR na 21. storočie. Súčasťou návrhu je aj príprava zásad kreditového systému pre všetky vysoké školy. Na Slovensku má byť 21 štátnych a 2 neštátne vysoké školy. Užitočný by bol jednotný postup pri zavádzaní kreditových systémov. Výhody a nevýhody tohto systému. 
610 2 0 |a školy vysoké 
610 2 0 |a školy súkromné 
610 2 0 |a vzdelávanie 
610 2 0 |a Slovensko 
610 2 0 |a kvalita 
100 1 |a Kollárová, Jana